000
00264nam a2200097Ia 4500
082
_a
EF COUR
245
0
_a
Hear the ringdove call
100
_a
Court, Peter Wandsbeck, South Africa, 2007
_9
70460
942
_c
BK
008
210817s9999 xx 000 0 und d
999
_c
228473
_d
228472